Gestión estratégica de la ganadería para el trópico seco : texto guía /

Detalles Bibliográficos
Autores principales: Morales Velasco, Sandra (Autor), Vivas Quila, Nelson José (Autor)
Formato: Electrónico eBook
Lenguaje:español
Publicado: Popayán, Colombia : Editorial Universidad del Cauca, 2022.
Edición:Primera edición en español.
Materias:
Acceso en línea:Digitalia Hispánica

MARC

LEADER 00000nam a2200000 i 4500
001 DIGUCAUCA0143
003 NyNyDIG
006 m o d
007 cr |||||||||||
008 231008s2022 ck a ob 001 0 spa d
035 |a (OCoLC)1402839313 
040 |a DGITA  |b eng  |e rda  |e pn  |c DGITA 
020 |a 9789587325157  |q eBook 
020 |z 9789587325140 
043 |a cl----- 
050 1 4 |a S473.9 ebook 
100 1 |a Morales Velasco, Sandra,  |e author.  
245 1 0 |a Gestión estratégica de la ganadería para el trópico seco :  |b texto guía /  |c Sandra Morales Velasco, Nelson José Vivas Quila. 
250 |a Primera edición en español. 
264 1 |a Popayán, Colombia :  |b Editorial Universidad del Cauca,  |c 2022. 
300 |a 1 online resource :  |b illustrations. 
336 |a text  |b txt  |2 rdacontent 
337 |a computer file  |b c  |2 rdamedia 
338 |a online resource  |b cr  |2 rdacarrier 
347 |a text file  |2 rdaft 
347 |b PDF 
500 |a "Apoyo 2020"--Cover. 
504 |a Includes bibliographical references and Index. 
588 0 |a Online resource; title from PDF title page (Digitalia, viewed October 8, 2023) 
650 0 |a Agricultural ecology  |z Latin America. 
650 0 |a Tropical dry forests  |z Latin America. 
650 0 |a Livestock  |z Latin America. 
700 1 |a Vivas Quila, Nelson José,  |e author. 
776 0 8 |i Print version:  |a Morales Velasco, Sandra.  |t Gestión estratégica de la ganadería para el trópico seco.  |b Primera edición en español.  |d Popayán, Colombia : Editorial Universidad del Cauca, 2022  |z 9789587325140 
791 2 |a Digitalia (Firm),  |e distributor. 
793 0 |g Digitalia eBook Collection:  |a Universidad del Cauca 
856 4 0 |3 Digitalia Hispánica  |u https://www.digitaliapublishing.com/a/129858/ 
910 |a Premium collection: 2023